00421 2200145 4500001002100000005001700021035002500038090002000063245005800083260005600141300002600197650002500223850001200248990001500260YOGYA00000000001517320150305093323.0 a0010-081400000014891 aRT 378.1906 Pet aPetunjuk pelaksanaan pemb. perkumpulan olahraga di... aJakartabDit. Keolahragaan Ditjen Dikluseparac1996 aiv, 24 hlm. ;c22 cm. aPendidikan olah raga aYOPDYOG a32998-A/99